[Event "Mondragon Arrasate Hiria op 8th"]
[Site "Mondragon "]
[Date "2008.11.28"]
[Round "6"]
[White "Hernandez Sanchez, Inaki"]
[Black "Alcaide Luque, Aitor"]
[Result "0-1"]
[WhiteElo "1440"]
[BlackElo "2144"]
[PlyCount "54"]
[EventDate "2008.10.24"]
[EventType "swiss"]
[EventRounds "6"]
[EventCountry "ESP"]
[SourceTitle "CBM 127 Extra"]
[Source "ChessBase"]
[SourceDate "2009.01.08"]
[SourceVersion "2"]
[SourceVersionDate "2009.01.28"]
[SourceQuality "1"]

1. e4 e6 2. Nf3 d5 3. e5 c5 4. c3 Nc6 5. Bb5 Bd7 6. Bxc6 Bxc6 7. 0-0 Nh6 8. d4 Nf5 9. b3 Rc8 10. Bb2 cxd4 11. cxd4 Bb5 12. Re1 Bb4 13. Nbd2 0-0 14. Kh1 Bd3 15. a3 Bc3 16. Bxc3 Rxc3 17. b4 Qc7 18. Nb3 Bc2 19. Qd2 Bxb3 20. Qf4 Bc2 21. Ng5 h6 22. Nh3 Rc4 23. Qg4 Nxd4 24. Re3 Nf5 25. Qh5 Nxe3 26. fxe3 Bg6 27. Qd1 Rc8 0-1

[Event "San Sebastian Mailako op 2nd"]
[Site "San Sebastian"]
[Date "2008.11.01"]
[Round "3"]
[White "Aguado Zabaleta, Felix"]
[Black "Hernandez Sanchez, Inaki"]
[Result "1-0"]
[WhiteElo "1813"]
[BlackElo "1440"]
[PlyCount "71"]
[EventDate "2008.10.18"]
[EventType "swiss"]
[EventRounds "7"]
[EventCountry "ESP"]
[SourceTitle "EXT 2011"]
[Source "ChessBase"]
[SourceDate "2010.11.26"]
[SourceVersion "1"]
[SourceVersionDate "2010.11.26"]
[SourceQuality "1"]

1. d4 d5 2. c4 c6 3. Nc3 Nf6 4. Nf3 e6 5. cxd5 exd5 6. Bg5 Be7 7. e3 h6 8. Bh4 Nbd7 9. Bd3 0-0 10. 0-0 Re8 11. Bg3 Nh5 12. Ne2 Nxg3 13. Nxg3 Nf6 14. Ne5 Bd6 15. f4 Bxe5 16. fxe5 Ng4 17. Qf3 f5 18. h3 h5 19. hxg4 hxg4 20. Qf2 g6 21. Ne2 Kg7 22. g3 Qg5 23. Kg2 Rh8 24. Rh1 Rh3 25. Rxh3 gxh3+ 26. Kh2 Be6 27. Nf4 Bd7 28. Rh1 Rh8 29. Kg1 Qg4 30. Bf1 g5 31. Be2 gxf4 32. Bxg4 fxg3 33. Qxg3 fxg4 34. e6 Be8 35. Qxg4+ Bg6 36. Rxh3 1-0

[Event "Mondragon Arrasate Hiria op 8th"]
[Site "Mondragon "]
[Date "2008.10.31"]
[Round "2"]
[White "Etxagibel Larranaga, Asier"]
[Black "Hernandez Sanchez, Inaki"]
[Result "1-0"]
[WhiteElo "1911"]
[BlackElo "1440"]
[PlyCount "52"]
[EventDate "2008.10.24"]
[EventType "swiss"]
[EventRounds "6"]
[EventCountry "ESP"]
[SourceTitle "CBM 127 Extra"]
[Source "ChessBase"]
[SourceDate "2009.01.08"]
[SourceVersion "2"]
[SourceVersionDate "2009.01.28"]
[SourceQuality "1"]

1. d4 d5 2. Nf3 Nf6 3. c4 c6 4. g3 e6 5. Bg2 Bb4+ 6. Bd2 Qa5 7. 0-0 Ne4 8. Qc2 Nxd2 9. Nbxd2 Nd7 10. a3 Be7 11. b4 Qd8 12. Rfb1 Bf6 13. e4 g5 14. exd5 cxd5 15. Re1 Qc7 16. Rac1 g4 17. Ne5 Nxe5 18. dxe5 Bxe5 19. cxd5 Qb8 20. Qxc8+ Qxc8 21. Rxc8+ Rxc8 22. Rxe5 Rc1+ 23. Nf1 0-0 24. dxe6 f6 25. Ra5 Rc6 26. Rxa7 Rxe6 1-0

[Event "San Sebastian Primavera op 2nd"]
[Site "San Sebastian"]
[Date "2006.05.20"]
[Round "3.12"]
[White "Sanz Perez, Eduardo"]
[Black "Hernandez Sanchez, Inaki"]
[Result "0-1"]
[WhiteElo "2194"]
[BlackElo "1421"]
[PlyCount "72"]
[EventDate "2006.05.06"]
[EventType "swiss"]
[EventRounds "7"]
[EventCountry "ESP"]
[SourceTitle "CBM 112 Extra"]
[Source "ChessBase"]
[SourceDate "2006.07.14"]
[SourceVersion "1"]
[SourceVersionDate "2006.07.14"]
[SourceQuality "1"]

1. e4 e5 2. Nf3 Nc6 3. Bb5 Bc5 4. 0-0 d6 5. c3 Qe7 6. d4 Bb6 7. d5 Bd7 8. dxc6 bxc6 9. Bc4 h6 10. Re1 Nf6 11. Be3 c5 12. Nbd2 0-0 13. Qc2 c6 14. Nf1 d5 15. exd5 cxd5 16. Bb3 e4 17. Bf4 g5 18. Bg3 Qe8 19. Bd6 c4 20. Bxc4 dxc4 21. Bxf8 Qxf8 22. N3d2 Ng4 23. Nxe4 f5 24. h3 Ne5 25. Neg3 Nd3 26. Re2 f4 27. Nh1 f3 28. gxf3 Qxf3 29. Nh2 Qxh3 30. Re4 Bc6 31. Qe2 h5 32. Nf3 Nf4 33. Rxf4 gxf4 34. Qxc4+ Kh8 35. Qxf4 Rg8+ 36. Ng3 Rxg3+ 0-1